Gương kiên nhẫn

Sách tập hợp những mẫu chuyện về gương kiên nhẫn của loài người qua lời kể của tác giả Nguyễn Hiến Lê

Đã lưu trong:
Bibliografiske detaljer
Hovedforfatter: Nguyễn, Hiến Lê
Format: Bog
Sprog:Undetermined
Udgivet: Hà Nội Văn hóa Thông tin 2000
Fag:
Tags: Tilføj Tag
Ingen Tags, Vær først til at tagge denne postø!
Thư viện lưu trữ: Trung tâm Học liệu Trường Đại học Cần Thơ
LEADER 00795nam a2200193Ia 4500
001 CTU_48419
008 210402s9999 xx 000 0 und d
082 |a 179.9 
082 |b L250 
100 |a Nguyễn, Hiến Lê 
245 0 |a Gương kiên nhẫn 
245 0 |c Nguyễn Hiến Lê 
260 |a Hà Nội 
260 |b Văn hóa Thông tin 
260 |c 2000 
520 |a Sách tập hợp những mẫu chuyện về gương kiên nhẫn của loài người qua lời kể của tác giả Nguyễn Hiến Lê 
650 |a Conduct of life,Patience,Đạo đức trong cuộc sống,Tính kiên nhẫn, lòng nhẫn nại 
904 |i Q. Hiếu (sửa) 
980 |a Trung tâm Học liệu Trường Đại học Cần Thơ